| 000 | 00637nam a2200193 i 4500 | ||
|---|---|---|---|
| 001 | 60461 | ||
| 003 | ES-MaACL | ||
| 005 | 20230906164234.0 | ||
| 007 | t| | ||
| 008 | 031104s1972 sp ||||1| spa d | ||
| 100 | 1 |
_aEsteban Carrion, Francisco. _948045 |
|
| 245 | 1 | 4 |
_aLos hechos septenarios y la clave numérica de la naturaleza / _cpor Francisco Esteban Carrión. |
| 260 |
_aZaragoza : _b[s.n., _c1972] ( _fEl Noticiero) |
||
| 300 |
_a122 p. ; _c17 cm. |
||
| 490 | 1 | _aNovedades Científicas del Universo | |
| 830 | 0 |
_aNovedades Científicas del Universo _9230555 |
|
| 852 |
_aES-MaACL _jC-44981 _bR.81209 |
||
| 999 |
_c60461 _d60461 |
||